000 00498nam a22001697a 4500
003 OSt
005 20140310182453.0
008 130227t xxu||||| |||| 00| 0 eng d
020 _a9789715844390
050 _aPE 1128
_b.Aq657 2006
100 _aYanilla-Aquino, Lalaine
_98257
245 _aEncounters :
_bmastering English through content /
_cLalaine Yanilla-Aquino
260 _aQuezon City, Philippines :
_bC & E,
_cc2006.
300 _a359 p.
_c26 cm.
942 _2lcc
_cSSLC
999 _c13708
_d13708